Investigación, documentación y difusión en materia electoral /

Đã lưu trong:
Chi tiết về thư mục
Tác giả chính: Alanis, María del Carmen
Định dạng: Texto
Các nhãn: Thêm thẻ
Không có thẻ, Là người đầu tiên thẻ bản ghi này!

MARC

LEADER 00000 a a2200000 04500
001 4340
003
040
100 |a Alanis, María del Carmen  
245 |a Investigación, documentación y difusión en materia electoral /  |c María del Carmen Alanis 
773 |g número 44; páginas 117-159  
999 |c 21484  |d 21484